[Event "AUT_2BO_200607"]
[Site "6 810Zwettl,4 511Bruck/L,2"]
[Date "2006.10.07"]
[Round "2"]
[Board "2"]
[White "Manik, Mikulas"]
[Black "Holemar, David"]
[Result "1-0"]
[WhiteElo "2454"]
[BlackElo "2270"]
[PlyCount "43"]
[EventDate "2006.10.06"]
[EventType "team"]
[EventRounds "11"]
[EventCountry "AUT"]
[WhiteTeam "OMV Pamhagen"]
[BlackTeam "SK Zwettl"]

1.e4 c5 2.Nf3 Nc6 3.Bb5 d6 4.O-O Bd7 5.Re1 Nf6 6.c3 a6 7.Ba4 c4 8.Na3 b5 9.Bc2
Ne5 10.Nxe5 dxe5 11.b3 cxb3 12.axb3 Qc7 13.Bd3 Qb7 14.c4 e6 15.cxb5 axb5 16.Bb2
Bd6 17.Nxb5 Bxb5 18.Rxa8+ Qxa8 19.Bxb5+ Ke7 20.d4 Rb8 21.dxe5 Bxe5 22.Ba3+

[Event "AUT_2BO_200607"]
[Site "6 810Zwettl,4 511Bruck/L,2"]
[Date "2006.10.07"]
[Round "2"]
[Board "3"]
[White "Vyskocil, Neklan"]
[Black "Alvir, Aco"]
[Result "0-1"]
[WhiteElo "2374"]
[BlackElo "2370"]
[PlyCount "126"]
[EventDate "2006.10.06"]
[EventType "team"]
[EventRounds "11"]
[EventCountry "AUT"]
[WhiteTeam "SK Zwettl"]
[BlackTeam "OMV Pamhagen"]

1.e4 d5 2.exd5 Qxd5 3.Nc3 Qa5 4.d4 Nf6 5.Bc4 c6 6.Nge2 Bf5 7.O-O e6 8.Ng3 Bd6
9.Nxf5 Qxf5 10.Bd3 Qa5 11.Ne4 Nxe4 12.Bxe4 Nd7 13.c4 Nf6 14.Bd3 Qc7 15.g3 O-O
16.Bg5 Be7 17.Qc2 h6 18.Bd2 Rfd8 19.Bc3 Rd7 20.Rad1 Rad8 21.Rd2 Ne8 22.Rfd1 Bg5
23.f4 Bf6 24.Be4 Nd6 25.Bd3 c5 26.d5 Bxc3 27.Qxc3 exd5 28.cxd5 c4 29.Bb1 Qb6+
30.Qd4 Qxd4+ 31.Rxd4 Re7 32.a4 Rde8 33.Ba2 Re1+ 34.Rxe1 Rxe1+ 35.Kf2 Rc1 36.Ke2
Rh1 37.Bxc4 Rxh2+ 38.Kf3 Rxb2 39.Bd3 Kf8 40.g4 g5 41.Ke3 Ke7 42.a5 Ra2 43.a6 b5
44.Rb4 Rxa6 45.Rb1 Ra4 46.fxg5 hxg5 47.Be2 a6 48.Rc1 Nc4+ 49.Ke4 Nd6+ 50.Ke3 f5
51.Bd1 Re4+ 52.Kd3 Re1 53.gxf5 Nxf5 54.Rc7+ Kd6 55.Rc6+ Kxd5 56.Bf3+ Ke5 57.Bg4
Kf4 58.Bxf5 Kxf5 59.Rxa6 Kg4 60.Rb6 Re5 61.Rb8 Kf4 62.Rf8+ Rf5 63.Rg8 Kf3

[Event "AUT_2BO_200607"]
[Site "6 810Zwettl,4 511Bruck/L,2"]
[Date "2006.10.07"]
[Round "2"]
[Board "4"]
[White "Lipka, Juraj"]
[Black "Zwettler, Martin"]
[Result "1/2-1/2"]
[WhiteElo "2418"]
[BlackElo "2207"]
[PlyCount "69"]
[EventDate "2006.10.06"]
[EventType "team"]
[EventRounds "11"]
[EventCountry "AUT"]
[WhiteTeam "OMV Pamhagen"]
[BlackTeam "SK Zwettl"]

1.Nf3 c5 2.c4 g6 3.d4 cxd4 4.Nxd4 Nc6 5.e4 Nf6 6.Nc3 d6 7.f3 Nxd4 8.Qxd4 Bg7
9.Be3 O-O 10.Qd2 a5 11.Be2 a4 12.O-O Qa5 13.Rac1 Be6 14.Nd5 Qxd2 15.Bxd2 Bxd5
16.cxd5 Nd7 17.Rc2 Bd4+ 18.Kh1 Rfc8 19.Rfc1 Rxc2 20.Rxc2 Nc5 21.Bc1 Bf6 22.g4
Kf8 23.g5 Bg7 24.Rc4 Ke8 25.Kg2 Kd7 26.f4 h6 27.gxh6 Bxh6 28.Be3 Bg7 29.Rb4 Kc7
30.h3 b6 31.Bb5 Ra5 32.Bc6 a3 33.b3 f5 34.exf5 gxf5 35.Rc4

[Event "AUT_2BO_200607"]
[Site "6 810Zwettl,4 511Bruck/L,2"]
[Date "2006.10.07"]
[Round "2"]
[Board "5"]
[White "Janetschek, Karl"]
[Black "Kuthan, Andreas"]
[Result "1/2-1/2"]
[WhiteElo "2289"]
[BlackElo "2221"]
[PlyCount "35"]
[EventDate "2006.10.06"]
[EventType "team"]
[EventRounds "11"]
[EventCountry "AUT"]
[WhiteTeam "SK Zwettl"]
[BlackTeam "OMV Pamhagen"]

1.e4 e6 2.d4 d5 3.Nd2 c5 4.Ngf3 cxd4 5.exd5 Qxd5 6.Bc4 Qd6 7.O-O Nf6 8.Nb3 Nc6
9.Nbxd4 Nxd4 10.Nxd4 a6 11.c3 Qc7 12.Bd3 Bd6 13.g3 O-O 14.Re1 b6 15.Bg5 Be7
16.Qe2 Bb7 17.Rad1 Qc5 18.Bxf6

[Event "AUT_2BO_200607"]
[Site "6 810Zwettl,4 511Bruck/L,2"]
[Date "2006.10.07"]
[Round "2"]
[Board "6"]
[White "Froschauer, Hans"]
[Black "Hangweyrer, Roman"]
[Result "1/2-1/2"]
[WhiteElo "2180"]
[BlackElo "2188"]
[PlyCount "27"]
[EventDate "2006.10.06"]
[EventType "team"]
[EventRounds "11"]
[EventCountry "AUT"]
[WhiteTeam "OMV Pamhagen"]
[BlackTeam "SK Zwettl"]

1.e4 c5 2.Nf3 Nc6 3.d4 cxd4 4.Nxd4 g6 5.Be3 Nf6 6.Nc3 Bg7 7.Be2 O-O 8.Qd2 d5
9.exd5 Nxd5 10.Nxd5 Qxd5 11.Bf3 Qc4 12.Be2 Qd5 13.Bf3 Qc4 14.Be2

[Event "AUT_2BO_200607"]
[Site "6 810Zwettl,4 511Bruck/L,2"]
[Date "2006.10.07"]
[Round "2"]
[Board "1"]
[White "Ganaus, Hannes"]
[Black "Polak, Thomas"]
[Result "0-1"]
[WhiteElo "2326"]
[BlackElo "2483"]
[PlyCount "75"]
[EventDate "2006.10.06"]
[EventType "team"]
[EventRounds "11"]
[EventCountry "AUT"]
[WhiteTeam "SPG Data Technology Eichgraben/Pressbaum"]
[BlackTeam "SV Stockerau"]

1.d4 Nf6 2.c4 e6 3.Nc3 Bb4 4.a3 Bxc3+ 5.bxc3 d6 6.f3 c5 7.e4 Nc6 8.Be3 Qa5 9.Qd2
b6 10.Nh3 Ba6 11.d5 Ne5 12.Nf4 Bxc4 13.Bxc4 Nxc4 14.Qd3 Ne5 15.Qd2 exd5 16.Nxd5
Nxd5 17.exd5 Qb5 18.Rd1 O-O 19.Kf2 c4 20.Qd4 Nd3+ 21.Kg3 Rfe8 22.Bf4 Rac8
23.Bxd6 Red8 24.a4 Qd7 25.Bf4 Rc5 26.d6 g5 27.Be3 Qe6 28.h4 Rxd6 29.Qe4 Qxe4
30.fxe4 Re5 31.hxg5 Rxe4 32.Bd4 Rd5 33.Rh5 Nf4 34.Rh2 Ne6 35.Rh6 Rxg5+ 36.Kh2
Re2 37.Bf6 Rgxg2+ 38.Kh1

[Event "AUT_2BO_200607"]
[Site "6 810Zwettl,4 511Bruck/L,2"]
[Date "2006.10.07"]
[Round "2"]
[Board "2"]
[White "Groetz, Harald"]
[Black "Neumeier, Klaus"]
[Result "1-0"]
[WhiteElo "2399"]
[BlackElo "2289"]
[PlyCount "75"]
[EventDate "2006.10.06"]
[EventType "team"]
[EventRounds "11"]
[EventCountry "AUT"]
[WhiteTeam "SV Stockerau"]
[BlackTeam "SPG Data Technology Eichgraben/Pressbaum"]

1.e4 e5 2.Nf3 Nc6 3.Bb5 a6 4.Bxc6 dxc6 5.O-O Bg4 6.h3 h5 7.d3 Qf6 8.Be3 Bxf3
9.Qxf3 Qxf3 10.gxf3 Bd6 11.Nd2 Ne7 12.Rfb1 f5 13.b4 O-O 14.c3 Ng6 15.Kf1 fxe4
16.fxe4 Be7 17.Ke2 Nf4+ 18.Bxf4 Rxf4 19.Nc4 Raf8 20.Rf1 Bf6 21.Na5 Rb8 22.Rg1
Kf7 23.a4 Bh4 24.Raf1 Kf6 25.Nc4 Rf8 26.f3 g5 27.Ne3 Ke6 28.Ng2 R4f6 29.Nxh4
gxh4 30.Rg5 Rf4 31.d4 exd4 32.cxd4 Rh8 33.Ke3 Rf7 34.f4 Rd7 35.Rfg1 Rhh7 36.Re5+
Kf7 37.Rf5+ Ke7 38.Rgg5

[Event "AUT_2BO_200607"]
[Site "6 810Zwettl,4 511Bruck/L,2"]
[Date "2006.10.07"]
[Round "2"]
[Board "3"]
[White "Weissenbeck, Manuel"]
[Black "Sadilek, Maximilian"]
[Result "1-0"]
[WhiteElo "2247"]
[BlackElo "2170"]
[PlyCount "72"]
[EventDate "2006.10.06"]
[EventType "team"]
[EventRounds "11"]
[EventCountry "AUT"]
[WhiteTeam "SPG Data Technology Eichgraben/Pressbaum"]
[BlackTeam "SV Stockerau"]

1.d4 d5 2.Nf3 Nc6 3.Bf4 Bf5 4.e3 e6 5.Bd3 Nge7 6.O-O f6 7.c4 Qd7 8.Nc3 g5 9.Bg3
h5 10.cxd5 exd5 11.h4 Bg4 12.Nb5 Rc8 13.Rc1 a6 14.Nc3 Nf5 15.Nxd5 Qxd5 16.e4 Qd7
17.exf5 Be7 18.hxg5 h4 19.Bh2 Nxd4 20.Be4 Bxf3 21.Bxf3 c5 22.Re1 Kf8 23.g6 h3
24.g4 Bd6 25.Bxd6+ Qxd6 26.Re4 Kg7 27.Bh1 Rhe8 28.Qe1 Rxe4 29.Qxe4 Rc7 30.Re1
Rd7 31.Qe8 b5 32.f4 Nc2 33.Bd5 h2+ 34.Kxh2 Qxf4+ 35.Kh3 Qh6+ 36.Kg3 Qh8

[Event "AUT_2BO_200607"]
[Site "6 810Zwettl,4 511Bruck/L,2"]
[Date "2006.10.07"]
[Round "2"]
[Board "4"]
[White "Wiedermann, Franz"]
[Black "Pichler, Michael"]
[Result "1/2-1/2"]
[WhiteElo "2119"]
[BlackElo "2192"]
[PlyCount "21"]
[EventDate "2006.10.06"]
[EventType "team"]
[EventRounds "11"]
[EventCountry "AUT"]
[WhiteTeam "SV Stockerau"]
[BlackTeam "SPG Data Technology Eichgraben/Pressbaum"]

1.d4 e6 2.c4 d5 3.Nf3 Nf6 4.g3 Be7 5.Bg2 O-O 6.O-O dxc4 7.Qc2 a6 8.Qxc4 b5 9.Qc2
Bb7 10.Bg5 Nbd7 11.Rd1

[Event "AUT_2BO_200607"]
[Site "6 810Zwettl,4 511Bruck/L,2"]
[Date "2006.10.07"]
[Round "2"]
[Board "6"]
[White "Schmid, Thomas"]
[Black "Kopinits, Anna Christina"]
[Result "1-0"]
[WhiteElo "2170"]
[BlackElo "2153"]
[PlyCount "79"]
[EventDate "2006.10.06"]
[EventType "team"]
[EventRounds "11"]
[EventCountry "AUT"]
[WhiteTeam "SV Stockerau"]
[BlackTeam "SPG Data Technology Eichgraben/Pressbaum"]

1.e4 c5 2.Nf3 Nc6 3.Bb5 g6 4.Bxc6 dxc6 5.d3 Bg7 6.h3 e5 7.Nc3 Qe7 8.Be3 Nf6
9.Qd2 h6 10.O-O-O Nd7 11.Nh2 Nf8 12.Ne2 Ne6 13.f4 exf4 14.Nxf4 Nxf4 15.Bxf4 Be6
16.Kb1 O-O-O 17.Qa5 b6 18.Qa6+ Qb7 19.Qxb7+ Kxb7 20.Nf3 Rhe8 21.Nd2 a5 22.Rde1
a4 23.Re2 g5 24.Bh2 b5 25.Rhe1 a3 26.e5 axb2 27.Ne4 Kb6 28.Kxb2 Ra8 29.a3 Bd5
30.Nf6 Bxf6 31.exf6 Re6 32.Rxe6 Bxe6 33.Rxe6 fxe6 34.Bd6 c4 35.f7 cxd3 36.cxd3
h5 37.g4 hxg4 38.hxg4 c5 39.f8=Q Rxf8 40.Bxf8

[Event "AUT_2BO_200607"]
[Site "6 810Zwettl,4 511Bruck/L,2"]
[Date "2006.10.07"]
[Round "2"]
[Board "1"]
[White "Schlosser, Michael"]
[Black "Hangweyrer, Manfred"]
[Result "1/2-1/2"]
[WhiteElo "2335"]
[BlackElo "2389"]
[PlyCount "40"]
[EventDate "2006.10.06"]
[EventType "team"]
[EventRounds "11"]
[EventCountry "AUT"]
[WhiteTeam "Aljechin/Wieden"]
[BlackTeam "Austria Wien"]

1.e4 e5 2.Bc4 Nf6 3.Nc3 Nc6 4.d3 Na5 5.Nge2 c6 6.f4 Nxc4 7.dxc4 Bc5 8.Qd3 d6
9.h3 a6 10.a4 Nd7 11.f5 a5 12.Bd2 Qh4+ 13.g3 Qe7 14.O-O-O Kd8 15.g4 Kc7 16.Ng3
f6 17.Kb1 b6 18.b3 Ba6 19.Qf3 Rhd8 20.h4 Qf7

[Event "AUT_2BO_200607"]
[Site "6 810Zwettl,4 511Bruck/L,2"]
[Date "2006.10.07"]
[Round "2"]
[Board "2"]
[White "Plachetka, Jan"]
[Black "Pachta, Paul"]
[Result "1-0"]
[WhiteElo "2402"]
[BlackElo "2300"]
[PlyCount "71"]
[EventDate "2006.10.06"]
[EventType "team"]
[EventRounds "11"]
[EventCountry "AUT"]
[WhiteTeam "Austria Wien"]
[BlackTeam "Aljechin/Wieden"]

1.d4 Nf6 2.c4 e6 3.Nc3 Bb4 4.e3 c5 5.Bd3 O-O 6.Nge2 b6 7.a3 Bxc3+ 8.Nxc3 Bb7
9.O-O d6 10.d5 exd5 11.cxd5 Ba6 12.Bxa6 Nxa6 13.e4 h6 14.f3 Nc7 15.Ne2 Kh7
16.Ng3 Ng8 17.Qd3 g6 18.b3 Ne8 19.Bb2 Ng7 20.f4 f6 21.h4 Qd7 22.h5 Qg4 23.hxg6+
Qxg6 24.Rf3 Rae8 25.Re1 Ne7 26.Nf1 Nh5 27.Bc1 f5 28.e5 dxe5 29.fxe5 f4 30.Qxg6+
Nxg6 31.e6 Nh4 32.Rf2 Rf6 33.d6 Rfxe6 34.Rxe6 Rxe6 35.d7 Nf3+ 36.gxf3

[Event "AUT_2BO_200607"]
[Site "6 810Zwettl,4 511Bruck/L,2"]
[Date "2006.10.07"]
[Round "2"]
[Board "3"]
[White "Hodisch, Juri"]
[Black "Pokorna, Regina"]
[Result "1/2-1/2"]
[WhiteElo "2349"]
[BlackElo "2342"]
[PlyCount "51"]
[EventDate "2006.10.06"]
[EventType "team"]
[EventRounds "11"]
[EventCountry "AUT"]
[WhiteTeam "Aljechin/Wieden"]
[BlackTeam "Austria Wien"]

1.d4 Nf6 2.c4 e6 3.Nc3 Bb4 4.e3 O-O 5.Nge2 d5 6.a3 Be7 7.cxd5 exd5 8.Ng3 Re8
9.Bd3 c6 10.O-O a5 11.Bd2 Na6 12.Nce2 Nc7 13.Bc3 Bd6 14.Qd2 Ne6 15.f3 Ng5
16.Rae1 h6 17.Bc2 b5 18.Nc1 Qc7 19.Qf2 b4 20.axb4 axb4 21.Bd2 Ba6 22.Bd3 c5
23.Bxa6 Rxa6 24.dxc5 Qxc5 25.Re2 Raa8 26.Nd3

[Event "AUT_2BO_200607"]
[Site "6 810Zwettl,4 511Bruck/L,2"]
[Date "2006.10.07"]
[Round "2"]
[Board "4"]
[White "Staudner, Oliver"]
[Black "Wirius, Stefan"]
[Result "1/2-1/2"]
[WhiteElo "2391"]
[BlackElo "2284"]
[PlyCount "47"]
[EventDate "2006.10.06"]
[EventType "team"]
[EventRounds "11"]
[EventCountry "AUT"]
[WhiteTeam "Austria Wien"]
[BlackTeam "Aljechin/Wieden"]

1.e4 c5 2.c3 e6 3.d4 cxd4 4.cxd4 d5 5.e5 Nc6 6.Nf3 Nh6 7.Bd3 Nf5 8.Bxf5 exf5
9.O-O Be7 10.b3 Be6 11.Qd2 a5 12.Nc3 h6 13.Nb5 g5 14.a4 Rc8 15.Nd6+ Bxd6 16.exd6
Nb4 17.Ne5 Qxd6 18.Ba3 Qb6 19.Nd3 Nxd3 20.Qxd3 f6 21.Rfe1 Kf7 22.Re2 Rc6 23.Rae1
Qc7 24.h3

[Event "AUT_2BO_200607"]
[Site "6 810Zwettl,4 511Bruck/L,2"]
[Date "2006.10.07"]
[Round "2"]
[Board "5"]
[White "Vitouch, Anatol"]
[Black "Vokroj, Rene"]
[Result "1-0"]
[WhiteElo "2208"]
[BlackElo "2330"]
[PlyCount "127"]
[EventDate "2006.10.06"]
[EventType "team"]
[EventRounds "11"]
[EventCountry "AUT"]
[WhiteTeam "Aljechin/Wieden"]
[BlackTeam "Austria Wien"]

1.Nf3 b6 2.b3 Bb7 3.Bb2 e6 4.g3 f5 5.Bg2 Nf6 6.O-O d6 7.d3 Nbd7 8.e4 fxe4 9.Ng5
Nc5 10.Nd2 h6 11.Ngxe4 Ncxe4 12.Nxe4 Nxe4 13.Qh5+ Kd7 14.dxe4 Qe8 15.Qb5+ Ke7
16.Qe2 Rd8 17.Rae1 Kd7 18.Bh3 c6 19.f4 Kc7 20.e5 d5 21.f5 Bc5+ 22.Kh1 exf5
23.Rxf5 Rd7 24.e6 Re7 25.Bxg7 Bc8 26.Bxh8 Qxh8 27.Qe5+ Qxe5 28.Rfxe5 Kd6 29.Rh5
Bb4 30.Rd1 Ba6 31.c4 Kc7 32.Rxh6 dxc4 33.Rh8 Bd6 34.Ra8 c3 35.Rxa7+ Bb7 36.Bf5
Be5 37.Rd7+ Rxd7 38.exd7 Bf6 39.Kg1 b5 40.Kf1 Kb6 41.Rxb7+ Kxb7 42.Ke2 b4 43.Kd3
Kc7 44.Kc4 Be7 45.Kd3 Kd6 46.Ke3 Ke5 47.Bc2 Ke6 48.Kf4 Kxd7 49.Kf5 Bd6 50.Kf6
Ke8 51.Ke6 Bc5 52.Bg6+ Kf8 53.Kd7 Bg1 54.Kxc6 Bxh2 55.Kb5 Bxg3 56.Kxb4 Be1
57.Kc5 Ke7 58.Kc6 Ke6 59.Bc2 Ke5 60.a4 Kd4 61.a5 Ke3 62.a6 Kd2 63.Bh7 Bf2 64.b4

[Event "AUT_2BO_200607"]
[Site "6 810Zwettl,4 511Bruck/L,2"]
[Date "2006.10.07"]
[Round "2"]
[Board "6"]
[White "Rogetzer, Klaus"]
[Black "Goetz, Alexander"]
[Result "0-1"]
[WhiteElo "2116"]
[BlackElo "2172"]
[PlyCount "174"]
[EventDate "2006.10.06"]
[EventType "team"]
[EventRounds "11"]
[EventCountry "AUT"]
[WhiteTeam "Austria Wien"]
[BlackTeam "Aljechin/Wieden"]

1.d4 Nf6 2.c4 c5 3.d5 b5 4.cxb5 a6 5.bxa6 g6 6.Nc3 Bxa6 7.e4 Bxf1 8.Kxf1 d6
9.Nf3 Nbd7 10.h3 Bg7 11.Kg1 O-O 12.Kh2 Qa5 13.Re1 Rfb8 14.Re2 Ne8 15.Rc2 Nb6
16.Qe2 Qa6 17.e5 Nc7 18.Bg5 Nbxd5 19.Nxd5 Nxd5 20.Qxa6 Rxa6 21.Rd2 h6 22.Bh4 Nb4
23.Bxe7 dxe5 24.Bd6 Rxd6 25.Rxd6 e4 26.Rad1 exf3 27.Rd8+ Rxd8 28.Rxd8+ Kh7 29.a3
Nc2 30.Rd2 Ne1 31.g3 c4 32.a4 Nd3 33.Rc2 Nxb2 34.a5 c3 35.a6 Nc4 36.a7 Nb6
37.Ra2 Bd4 38.Kg1 Na8 39.Kf1 Kg7 40.Ra4 c2 41.Rc4 Bxa7 42.Rxc2 Bb6 43.Rc3 Bd4
44.Rxf3 Nc7 45.Ra3 Ne6 46.Kg2 h5 47.h4 f5 48.f3 Bf6 49.Ra7+ Kf8 50.Ra8+ Kf7
51.Ra7+ Be7 52.Ra4 Nc5 53.Ra5 Nb3 54.Rb5 Nd4 55.Rd5 Ne6 56.Ra5 Bb4 57.Ra4 Be1
58.Ra1 Bc3 59.Ra3 Be5 60.Ra5 Kf6 61.Ra6 Bc7 62.Ra8 Bd8 63.f4 Be7 64.Ra6 Kf7
65.Ra7 Nc5 66.Kf3 Ne4 67.Kg2 Ke6 68.Ra6+ Bd6 69.Kf3 Kf7 70.Ra7+ Kg8 71.Ra6 Kg7
72.Ra7+ Kh6 73.Ra2 Bb4 74.Re2 Bd2 75.Rxe4 fxe4+ 76.Kxe4 Kg7 77.f5 Kf6 78.fxg6
Kxg6 79.Ke5 Bc1 80.Ke4 Kf6 81.Kd3 Kf5 82.Ke2 Kg4 83.Kf2 Kh3 84.Kf3 Bh6 85.Kf2
Bf8 86.Kf3 Bd6 87.Kf2 Kh2

[Event "AUT_2BO_200607"]
[Site "6 810Zwettl,4 511Bruck/L,2"]
[Date "2006.10.08"]
[Round "3"]
[Board "1"]
[White "Hangweyrer, Manfred"]
[Black "Papp, Gabor"]
[Result "1/2-1/2"]
[WhiteElo "2389"]
[BlackElo "2466"]
[PlyCount "54"]
[EventDate "2006.10.06"]
[EventType "team"]
[EventRounds "11"]
[EventCountry "AUT"]
[WhiteTeam "Austria Wien"]
[BlackTeam "ASVOe SK Mattersburg"]

1.e4 c5 2.Nc3 e6 3.g3 Nc6 4.Nge2 Nge7 5.Bg2 g6 6.d4 cxd4 7.Nxd4 a6 8.O-O Bg7
9.Nde2 O-O 10.a4 f5 11.Nf4 Nd4 12.Nfe2 Nxe2+ 13.Qxe2 fxe4 14.Nxe4 d5 15.Nc5 Qd6
16.Nd3 e5 17.c3 Bf5 18.Be3 Rac8 19.Rfd1 Rfd8 20.h3 Rd7 21.Rd2 Bxd3 22.Rxd3 Qc6
23.Rd2 e4 24.Bg5 Nf5 25.Rad1 h6 26.Bf4 Rcd8 27.c4 Qxa4

[Event "AUT_2BO_200607"]
[Site "6 810Zwettl,4 511Bruck/L,2"]
[Date "2006.10.08"]
[Round "3"]
[Board "2"]
[White "Petrik, Tomas"]
[Black "Plachetka, Jan"]
[Result "1-0"]
[WhiteElo "2544"]
[BlackElo "2402"]
[PlyCount "81"]
[EventDate "2006.10.06"]
[EventType "team"]
[EventRounds "11"]
[EventCountry "AUT"]
[WhiteTeam "ASVOe SK Mattersburg"]
[BlackTeam "Austria Wien"]

1.e4 e5 2.Nf3 Nc6 3.Bb5 a6 4.Bxc6 dxc6 5.O-O f6 6.d4 exd4 7.Nxd4 c5 8.Ne2 Qxd1
9.Rxd1 Bd7 10.Be3 O-O-O 11.Nbc3 Re8 12.Rd2 h5 13.Rad1 Be6 14.Nf4 Bf7 15.Nfd5 Ne7
16.Bf4 Nxd5 17.Nxd5 Bxd5 18.Rxd5 g5 19.Be3 Bd6 20.f3 Be5 21.c3 b6 22.g3 g4
23.Kg2 Re7 24.Bf4 Rhe8 25.Bxe5 Rxe5 26.Rxe5 Rxe5 27.Rd2 a5 28.Kf2 c4 29.fxg4
hxg4 30.Ke3 a4 31.a3 Kb7 32.Kf4 Rg5 33.Rd5 Rg6 34.Kf5 Rg8 35.Rd2 Re8 36.Kxf6
Rxe4 37.Kf5 Re1 38.Kxg4 b5 39.h4 c5 40.Rh2 b4 41.h5

[Event "AUT_2BO_200607"]
[Site "6 810Zwettl,4 511Bruck/L,2"]
[Date "2006.10.08"]
[Round "3"]
[Board "3"]
[White "Pokorna, Regina"]
[Black "Petran, Peter"]
[Result "0-1"]
[WhiteElo "2342"]
[BlackElo "2320"]
[PlyCount "118"]
[EventDate "2006.10.06"]
[EventType "team"]
[EventRounds "11"]
[EventCountry "AUT"]
[WhiteTeam "Austria Wien"]
[BlackTeam "ASVOe SK Mattersburg"]

1.e4 c6 2.d4 d5 3.exd5 cxd5 4.c4 Nf6 5.Nc3 g6 6.cxd5 Bg7 7.Bc4 O-O 8.Nge2 Nbd7
9.Bb3 Nb6 10.Nf4 Bg4 11.f3 Bd7 12.O-O Ne8 13.Kh1 Nd6 14.Qd3 Rc8 15.Re1 Re8
16.Nfe2 Nbc4 17.Ne4 Bb5 18.Qd1 Nf5 19.N2c3 Ba6 20.Nc5 Qd6 21.Nxa6 Qxa6 22.Qd3
Nxd4 23.Bxc4 Qxc4 24.Qxc4 Rxc4 25.Rb1 Kf8 26.Be3 Nc2 27.Re2 Nxe3 28.Rxe3 Rec8
29.Rbe1 Bxc3 30.bxc3 R8c7 31.Rc1 b5 32.a3 a5 33.Kg1 b4 34.axb4 axb4 35.Kf2 Ra7
36.Rc2 Ke8 37.Rb2 bxc3 38.Rc2 Ra3 39.Kg3 Kd7 40.Kf2 Kd6 41.Ke2 Rb3 42.Kd3 Rc5
43.Ke4 Rxd5 44.Rexc3 Rxc3 45.Rxc3 Rd2 46.g4 Rxh2 47.Ra3 Rc2 48.Ra6+ Rc6 49.Ra8
Rc4+ 50.Ke3 Ke5 51.Rh8 Rc3+ 52.Ke2 Kf4 53.Rxh7 Re3+ 54.Kd2 f6 55.g5 Re6 56.gxf6
exf6 57.Rh3 g5 58.Kd1 f5 59.Kd2 Re3

[Event "AUT_2BO_200607"]
[Site "6 810Zwettl,4 511Bruck/L,2"]
[Date "2006.10.08"]
[Round "3"]
[Board "4"]
[White "Brod, Manfred"]
[Black "Staudner, Oliver"]
[Result "1/2-1/2"]
[WhiteElo "2258"]
[BlackElo "2391"]
[PlyCount "27"]
[EventDate "2006.10.06"]
[EventType "team"]
[EventRounds "11"]
[EventCountry "AUT"]
[WhiteTeam "ASVOe SK Mattersburg"]
[BlackTeam "Austria Wien"]

1.e4 e6 2.d4 d5 3.Nc3 Bb4 4.e5 c5 5.a3 Bxc3+ 6.bxc3 Ne7 7.Qg4 O-O 8.Bd3 f5
9.exf6 Rxf6 10.Bg5 Rf7 11.Qh4 h6 12.Bxe7 Rxe7 13.Ne2 Nc6 14.f4

[Event "AUT_2BO_200607"]
[Site "6 810Zwettl,4 511Bruck/L,2"]
[Date "2006.10.08"]
[Round "3"]
[Board "5"]
[White "Vokroj, Rene"]
[Black "Riedner, Martin"]
[Result "0-1"]
[WhiteElo "2330"]
[BlackElo "2175"]
[PlyCount "66"]
[EventDate "2006.10.06"]
[EventType "team"]
[EventRounds "11"]
[EventCountry "AUT"]
[WhiteTeam "Austria Wien"]
[BlackTeam "ASVOe SK Mattersburg"]

1.Nf3 d5 2.g3 c5 3.Bg2 e6 4.d3 Bd6 5.e4 Nc6 6.O-O Nge7 7.Nbd2 O-O 8.Nh4 f5
9.exd5 exd5 10.f4 Be6 11.Re1 Bf7 12.c3 b5 13.Ndf3 h6 14.Ne5 Bxe5 15.fxe5 Be6
16.d4 cxd4 17.cxd4 Qb6 18.Be3 g5 19.Nf3 f4 20.gxf4 gxf4 21.Bf2 Nf5 22.Qd2 Kh7
23.Rac1 Nce7 24.Qxf4 Rf7 25.Qd2 Raf8 26.Qd3 Ng6 27.Bg3 Nxg3 28.hxg3 Bf5 29.Qe3
Be4 30.Rf1 Qe6 31.Nh2 Bxg2 32.Rxf7+ Rxf7 33.Kxg2 Rg7 {handy}

[Event "AUT_2BO_200607"]
[Site "6 810Zwettl,4 511Bruck/L,2"]
[Date "2006.10.08"]
[Round "3"]
[Board "6"]
[White "Salamon, Werner"]
[Black "Rogetzer, Klaus"]
[Result "1/2-1/2"]
[WhiteElo "2176"]
[BlackElo "2116"]
[PlyCount "44"]
[EventDate "2006.10.06"]
[EventType "team"]
[EventRounds "11"]
[EventCountry "AUT"]
[WhiteTeam "ASVOe SK Mattersburg"]
[BlackTeam "Austria Wien"]

1.e4 d6 2.d4 Nf6 3.Bd3 e5 4.d5 Be7 5.c4 c6 6.Nc3 O-O 7.Nge2 Nh5 8.Be3 Bg5 9.Qd2
Bxe3 10.Qxe3 Nd7 11.O-O Qb6 12.Na4 Qb4 13.b3 b5 14.dxc6 bxa4 15.cxd7 Bxd7
16.bxa4 Bxa4 17.Rab1 Qa3 18.Qd2 Rab8 19.g3 Nf6 20.Nc3 Nd7 21.Bc2 Bc6 22.Rfd1
Rxb1

[Event "AUT_2BO_200607"]
[Site "6 810Zwettl,4 511Bruck/L,2"]
[Date "2006.10.08"]
[Round "3"]
[Board "1"]
[White "Polak, Thomas"]
[Black "Schlosser, Michael"]
[Result "1-0"]
[WhiteElo "2483"]
[BlackElo "2335"]
[PlyCount "53"]
[EventDate "2006.10.06"]
[EventType "team"]
[EventRounds "11"]
[EventCountry "AUT"]
[WhiteTeam "SV Stockerau"]
[BlackTeam "Aljechin/Wieden"]

1.d4 Nf6 2.c4 g6 3.Nc3 Bg7 4.e4 d6 5.Nf3 O-O 6.h3 e5 7.d5 Nh5 8.Nh2 Qe8 9.Be2
Nf4 10.Bf3 f5 11.g3 Nxh3 12.Bg2 f4 13.Nf3 g5 14.Bxh3 g4 15.Nh4 gxh3 16.g4 f3
17.Nf5 h5 18.Qxf3 hxg4 19.Qxg4 Bxf5 20.exf5 Qd7 21.Bh6 Rf7 22.Ke2 Rxf5 23.Rag1
Rf7 24.Rxh3 Na6 25.Qxd7 Rxd7 26.Rhg3 Kh7 27.Bxg7

[Event "AUT_2BO_200607"]
[Site "6 810Zwettl,4 511Bruck/L,2"]
[Date "2006.10.08"]
[Round "3"]
[Board "2"]
[White "Hodisch, Juri"]
[Black "Chytilek, Roman"]
[Result "0-1"]
[WhiteElo "2349"]
[BlackElo "2394"]
[PlyCount "124"]
[EventDate "2006.10.06"]
[EventType "team"]
[EventRounds "11"]
[EventCountry "AUT"]
[WhiteTeam "Aljechin/Wieden"]
[BlackTeam "SV Stockerau"]

1.d4 Nf6 2.c4 c5 3.d5 b5 4.Nf3 b4 5.Bg5 g6 6.Nbd2 Bg7 7.e4 d6 8.Bd3 O-O 9.O-O e5
10.dxe6 Bxe6 11.h3 Qc7 12.Ne1 Nfd7 13.f4 f6 14.Bh4 f5 15.exf5 Bxf5 16.Rb1 Nc6
17.Ndf3 Rae8 18.Bxf5 gxf5 19.Nc2 Nb6 20.Qd3 Qf7 21.Ne3 Nd4 22.b3 d5 23.cxd5 Nxd5
24.Nxd5 Qxd5 25.Rbd1 Re2 26.Bf2 Rxa2 27.Bxd4 Bxd4+ 28.Kh1 Kh8 29.Qb1 Re2 30.Rd2
Rxd2 31.Nxd2 Bc3 32.Nc4 Re8 33.Rd1 Qe4 34.Qa2 Re7 35.Qa5 Bd4 36.Nd6 Qa8 37.Rxd4
cxd4 38.Qxf5 Qg8 39.Qc5 d3 40.Qd4+ Qg7 41.Qxd3 Re6 42.Nc4 Qa1+ 43.Kh2 Qf6 44.Qf3
Re8 45.Ne5 a5 46.Ng4 Qd4 47.h4 Re4 48.g3 Qd2+ 49.Nf2 Re2 50.Qa8+ Kg7 51.Qb7+ Kf6
52.Qc6+ Re6 53.Qc5 Kg7 54.Kh3 Qe3 55.Qd5 Qe2 56.h5 h6 57.Kh4 Re7 58.Qd4+ Kh7
59.Ng4 Rf7 60.Qd6 Qe7+ 61.Qxe7 Rxe7 62.Ne5 Rxe5

[Event "AUT_2BO_200607"]
[Site "6 810Zwettl,4 511Bruck/L,2"]
[Date "2006.10.08"]
[Round "3"]
[Board "3"]
[White "Groetz, Harald"]
[Black "Wirius, Stefan"]
[Result "1/2-1/2"]
[WhiteElo "2399"]
[BlackElo "2284"]
[PlyCount "85"]
[EventDate "2006.10.06"]
[EventType "team"]
[EventRounds "11"]
[EventCountry "AUT"]
[WhiteTeam "SV Stockerau"]
[BlackTeam "Aljechin/Wieden"]

1.e4 c5 2.Nf3 e6 3.d4 cxd4 4.Nxd4 a6 5.Bd3 Bc5 6.Nb3 Ba7 7.Qe2 Nc6 8.Be3 Bxe3
9.Qxe3 Nge7 10.O-O Nb4 11.f4 Nxd3 12.cxd3 O-O 13.Nc3 d6 14.Na4 Bd7 15.Nb6 Rb8
16.Rac1 Bb5 17.Rc3 Nc8 18.Nxc8 Rxc8 19.f5 exf5 20.Rxf5 Rxc3 21.bxc3 Bd7 22.Rf2
Be6 23.Qd4 Bxb3 24.axb3 Qg5 25.Rf5 Qd2 26.c4 Qd1+ 27.Rf1 Qxb3 28.Qxd6 Qb2 29.e5
Qe2 30.h3 h6 31.c5 Qa2 32.d4 Qe6 33.d5 Qc8 34.Qe7 Qe8 35.Qxb7 Qxe5 36.Qc6 a5
37.d6 Qd4+ 38.Kh1 a4 39.Qc7 a3 40.d7 a2 41.Qa7 Rd8 42.Qxa2 Rxd7 43.c6